000 00475nam a2200193Ia 4500
005 20240823045748.0
008 240823s9999||||xx |||||||||||||| ||und||
020 _a978-81-321-1029-3
041 _aENGLISH
082 _A004.432 Q0
100 _aSwanBorn Peter
245 0 _aCase study Research
250 _a1st
260 _c2010
_bSage Publications India P.
_aNEW DELHI
500 _aYES
650 _aResearch
_bManagement Studies
942 _cBK
999 _c215706
_d215706